Stretnutia s veľkým majstrom Významná výstava v Dome ČSSP

Bibliographic Details
Main Authors: Čížová, Želmíra (prekladateľka) (Author), Žuková, A. F. (Author), Žukovová, A. F. (Author)
Format: Article
Language:Slovak
PhysicalDescription:Obr. 4.
Subjects:

MARC

LEADER 00000nab a2200000 a 4500
001 vtls000012382
003 SK-MaSNL
005 20260303021359.0
008 111103c1978 xo 0 slo
015 |a SNBRB19rr/mm-uuuuu 
035 |a CL0022476 
040 |a SNKBUCL  |b slo  |c SNKBUCL  |e AACR2 
041 0 |a slo 
044 |a xo  |c SK 
080 |a 75  |2 1981 
080 |a 92 Žukov, Nikolaj Nikolajevič  |2 1981 
100 1 |a Čížová, Želmíra  |c (prekladateľka)  |4 aut  |9 5438 
245 1 0 |a Stretnutia s veľkým majstrom  |b Významná výstava v Dome ČSSP  |c Želmíra Čížová, A. F. Žuková ; A. F. Žukovová 
300 |b Obr. 4. 
600 1 7 |a Žukov, Nikolaj Nikolajevič,  |d 1908-1973  |2 snkbucl  |9 195292 
650 0 7 |a umelecké výstavy  |2 snkbucl  |9 89689 
651 7 |a 5100  |2 snkbucl  |9 166206 
655 7 |a články z novín a časopisov  |2 snkbucl  |9 267496 
700 1 |a Žuková, A. F.  |4 aut  |9 1002293 
700 1 |a Žukovová, A. F.  |4 aut  |9 1002294 
773 0 |t Svet socializmu  |g Roč. 27, č. 42 (1978), s. 6 
850 |a Slovenská národná knižnica v Martine  |a MTA001 
852 |a SNK  |b KIS3GCP 
958 |a RK 
992 |a RBX 
999 |c 1622978  |d 1624908